000 00686nam a2200289Ia 4500
005 20260324141934.0
008 008 260324s9999 xx 000 0 eng d
020 _a9781315649986
037 _aEBOOK
040 _aCRL
040 _beng
040 _cCRL
041 _2eng
041 _aeng
084 _qCRL
100 _aBegotxu Olaizola Elordi; Alan R. King
_91210081
245 0 _aColloquial Basque
245 2 _bA Complete Language Course
260 _bTaylor and Francis
260 _c1996
365 _a
365 _b330
856 _uhttp://www.taylorfrancis.com/books/9781315649986
942 _cEBOOK
999 _c1813709
_d1813709